000 00840nam a2200253Ia 4500
003 OSt
005 20220923224849.0
006 a|||||r|||| 00| 0
007 ta
008 220922b |||||||| |||| 00| 0 hin d
024 _a252,572
037 _cTextual
040 _aARTS
_cARTS
_bhin
041 _2hin
_ahin
082 _aO152,2NHA,PS, M0
100 _aहलवाई, महावीर प्रसाद
_9157686
245 0 _aपांचाली सुनो
246 _aPāanchālī suno
260 _aनई दिल्ली
_b मयूर प्रिंटर्स
_c1980
300 _a32पृ.
_ccm.
650 _aहिन्दी साहित्य
_9156264
942 _hO152,2NHA,PS, M0
_cTEXL
_2CC
999 _c374211
_d374211